000 01649nam0a2200349 i 4500
001 RU\NLR\bibl\1908307
005 20260405080120.0
010 _a5738909955
_9250
021 _aRU
_b2012-34350
_92553
035 _a(nilc)RSL-KNO-005440473
035 _a(NLR Aleph) 001897866
090 _a3008104
_c3008104
100 _a20120521d2011 u y0rusy50 ca
101 0 _arus
102 _aRU
105 _ay |||||||||
200 1 _aОсновы теории финансов
_eучебное пособие
_fВ. А. Федоров, О. В. Бурик
_gМ-во образования и науки Российской Федерации, Федеральное гос. бюджетное образовательное учреждение высш. проф. образования "Тихоокеанский гос. ун-т"
210 _aХабаровск
_cИзд-во ТОГУ
_d2011
215 _a106, [1] с.
_cил., табл.
_d20
320 _aБиблиогр. в конце кн.
606 1 _aФинансы
_jУчебные издания для высших учебных заведений
_xТеория
_91868861
_3RU\NLR\auth\661139211
686 _aУ526в.я73-1
_2rubbk
686 _aУ26(0)в.я73
700 1 _4070
_8rus
_7ca
_aФедоров
_bВ. А.
_cканд. экон. наук
_gВладимир Александрович
_3RU\NLR\auth\7727432
_910465
701 1 _aБурик
_bО. В.
_gОльга Владимировна
_4070
801 0 _aRU
_bRuMoRKP
_c20120521
_grcr
801 1 _aRU
_bРГБ
_c20120521
801 2 _aRU
_bNLR
_c20120530
_grcr
830 _aпо кн
942 _cBOOK
980 _aNBR